Score 0/20 Timer 05:00
1 Play Today
First novel Author % Correct
Sense and SensibilityJane Austen
85.8%
FrankensteinMary Shelley
85.2%
The Catcher in the RyeJ D Salinger
79%
CarrieStephen King
78.8%
The Time MachineH G Wells
71.8%
The Pickwick PapersCharles Dickens
64.8%
Lord of the FliesWilliam Golding
58.5%
Catch-22Joseph Heller
55.9%
A Portrait of the Artist as a Young ManJames Joyce
47.8%
This Side of ParadiseF Scott Fitzgerald
31.2%
First novel Author % Correct
Down and Out in Paris and LondonGeorge Orwell
25.6%
High FidelityNick Hornby
25.4%
Typee: A Peep at Polynesian LifeHerman Melville
18.2%
Cup of GoldJohn Steinbeck
16.4%
A Tale of a TubJonathan Swift
11.9%
The Edible WomanMargaret Atwood
9.3%
The Voyage OutVirginia Woolf
8.5%
The White PeacockD H Lawrence
7.4%
GrimusSalman Rushdie
5.2%
DusklandsJ M Coetzee
2.8%
Remove Ads.
Support Sporcle.
Get the best of Sporcle when you Go Orange. This ad-free experience offers more features, more stats, and more fun while also helping to support Sporcle. Thank you for becoming a member.

You're not logged in!

Compare scores with friends on all Sporcle quizzes.
OR
Log In

Show Comments

Extras

Top Quizzes Today


Score Distribution

Your Account Isn't Verified!

In order to create a playlist on Sporcle, you need to verify the email address you used during registration. Go to your Sporcle Settings to finish the process.

Report this User

Report this user for behavior that violates our Community Guidelines.

Details: